000 00419nam a22001457a 4500
005 20240724115615.0
008 240724b |||||||| |||| 00| 0 eng d
040 _aCO-JMCR
_cCO-JMCR
_dCO-JMCR
_erda
041 _aspa
082 _a864
_bZ94e
100 1 _eautor
_aZuleta , Estanislao,
_9807
245 1 0 _aElogio de la dificultad y otros ensayos
_cEstanislao Zuleta.
300 _a168 páginas ;
_c20 cm.
942 _2ddc
_cBK
999 _c30786
_d17170